Alphabet - Statistiques

Statistiques générales
  • Ce quiz a été pris 22 fois
  • Le résultat moyen est 8 sur 26
Statistiques - réponses
Hint Réponse % Correct
D : Oiseau disparu de l'ile Maurice, aussi appelé dronte Dodo
89%
Q : Pays ayant pour capitale Doha Qatar
83%
R : Quel footballeur brésilien était surnommé "Il Fenomeno" ? Ronaldo
78%
I : Groupe de rap marseillais composé de membres ayant majoritairement pour pseudo des noms de pharaons IAM
72%
T : Quel néologisme désigne un duel avec 3 adversaires ? Truel
50%
H : Complétez le nom de ce conte de Charles Perrault pour la version la plus moderne : "Riquet à la…" Houppe
44%
K : Quel art martial donne son titre à une chanson de Carl Douglas ? Kung fu
44%
O : Prénom de l'animateur belge qui a présenté le jeu télévisé "La Cible" de 2003 à 2006, puis remplacé par Marie-Ange Nardi Olivier
44%
W : En Belgique et dans le Nord de la France, quel mot est utilisé pour désigner une serpillière ? Wassingue
44%
E :Avec 39 victoires, qui est devenu le plus grand champion du Grand Slam à l'âge de 19 ans ? Enzo
28%
J : Eddy Mitchell a nommé un de ses albums du nom de ce plat originaire de Louisiane Jambalaya
28%
B : Quel synonyme de "voyager" est le titre d'un roman de Blaise Cendrars ? Bourlinguer
22%
C : A refroidi Marat dans sa baignoire Corday
22%
G : Dans le roman "Le Nom de la Rose" d'Umberto Eco, quel est le prénom d'un frère franciscain ? Guillaume
22%
V : Que signifie le mot "bistro" en russe ? Vite
22%
X : Prénom donné à la tempête ayant touché principalement l'Europe de l'Ouest en 2010 Xynthia
22%
Z : Complétez le nom de ce poème de Nietzsche, sous-titré "Un livre pour tous et pour personne" : "Ainsi parlait… Zarathoustra
22%
S : Montagne peinte par Paul Cézanne Sainte-Victoire
17%
U : Canton suisse, ayant pour chef-lieu Altdorf Uri
17%
L : Quel prénom a été chanté par Jean-Jacques Goldman et Serge Gainsbourg ? Laetitia
11%
Y : Type d'embarcation légère propulsé, soit à l'aviron, soit à la voile Yole
11%
N : Aliment fermenté japonais à base de graines de soja fermentées Natto
6%
A : En anatomie, quel terme désigne l'absence de langue ? Aglossie
0%
F : Plus petite île des Baléares Formentera
0%
M : Autre nom du sénevé, plante de la famille des Brassicacées Moutarde
0%
P : Plat bourguignon à base de poissons de rivière, coupés en morceaux et cuisinés avec une sauce au vin blanc, variante de la matelote Pôchouse
0%
Aucun quiz correspondant
Distribution des résultats
% des personnes avec chaque résultat
Percentile par nombre de réponses
Votre historique - résultats
Vous n’avez pas pris ce quiz